Statistics for Lizard Families - Helodermatidae

Click here to take the quiz!

General Stats

  • This quiz has been taken 15 times
  • The average score is 3 of 5

Answer Stats

FamilyGenusSpeciesCommon name% Correct
SuspectumGila monster
100%
HorridumMexican beaded lizard
77%
CharlesbogertiGuatemalan beaded lizard
46%
HelodermatidaeHelodermaAlvareziChiapan beaded lizard
31%
ExasperatumRio Fuerte beaded lizard
31%

Score Distribution

Percentile by Number Answered

Percent of People with Each Score

Your Score History

You have not taken this quiz